Shrek - quiz - Statystyki

Ogólne statystyki
  • Ten quiz został rozwiązany 255 razy
    248 od ostatniego zresetowania
  • Średni wynik to 19 z 40
Statystyki odpowiedzi
Pytania Odpowiedzi % Poprawnych
5. Kto jest jego najlepszym przyjacielem? osioł
98%
4. Ile ma dzieci? 3
96%
3. Jakiego shrek jest koloru? zielonego
96%
10. kogo uratował shrek z wieży? fionę
92%
8. "podoba mi się ten głaz, to naprawdę ładny głaz"kto to powiedział? osioł
92%
1. W jakim roku powstał film shrek? 2001
89%
2. Jakie studio go stworzyło? Dreamworks Animations
71%
24. Czy fiona ma rodzeństwo? nie
70%
31. Czy w serii shrek możemy spotkać inne ogry niż shrek, fiona i ich dzieci? tak
70%
33. Kim jest shrek? (gatunek) ogrem
69%
35. Kto pilnował fiony w wieży? smoczyca
69%
15. Jak nazywa się królestwo, do którego jadą shrek z fioną i osłem? zasiedmiogórogród
67%
22. Ile ścian przebiła matka fiony uciekając z więzienia? 2
66%
34. Kim tak naprawdę jest król harold? żabą
59%
25. Kim dla fiony jest artur pendragon? kuzynem
58%
28. W kogo zamienił się shrek po wypiciu eliksiru? w człowieka
57%
11. jak przestawia się kot w butach (wersja polska) puszek okruszek
56%
37. O czym śnił shrek na statku? o dzieciach
54%
26. Z czego ogry potrafią wydawać dźwięki? (część ciała) uszy
54%
27. Kto wynajął kota w butach by zabił shreka? harold
51%
21. Co miał przynieść osioł, gdy shrek został ranny w lesie? niebieski kwiat i kolce
49%
9. kto jest antagonistą w pierwszej części? lord farquaad
47%
39. Jakimi słowami rozpoczyna się shrek 1? dawno, dawno temu
44%
29. Jaki dzień z życia rumpelstiltskin zabrał shrekowi dzień narodzin
40%
30. Co może złamać umowę z rumpelstiltskinem? pocałunek prawdziwej miłości
40%
6. Kto podkłada głos w polskiej wersji? Zbigniew Zamachowski
39%
14. Kogo przez przypadek całował shrek syrenę
32%
38. Co czytał shrek po przybyciu do królestwa? pamiętnik fiony
30%
36. Jakim piwem chciał poczęstować shrek rycerzy? bezalkoholowym
23%
7. A w amerykańskiej? Mike Myers
23%
32. Kto mógł kontrolować innych za pomocą fletu? szczurołap
22%
20. Do jakiego filmu jest nawiązanie, podczas bójki fiony w lesie z monsieur hoodem i resztą? matrix
17%
17. Czyj plakat miała fiona w swoim pokoju w zasiedmiogórogrodzie? Justin Timberlake
16%
40. Jakie księżniczki miał do wyboru lord farquaad oprócz fiony? kopciuszek, śnieżka
16%
16. Kto aktualnie rządzi? artur pendragon
14%
23. Jakie kwiaty chciał hodować hak? nasturcje
13%
18. Jak mają na imię dzieci shreka? fergus,felicja,farkle
4%
19. Dlaczego Harold zginął? uratował shreka
4%
13. Kto jest twórcą shreka (pisarz) William Steig
4%
12. A jak ma naprawdę na imię (wersja polska) mirosław
3%
Nie znaleziono quizów pasujących do podanych kryteriów
Rozkład punktacji
Procent ludzi z każdym wynikiem
Percentyl według liczby udzielonych odpowiedzi
Twoja historia wyników
Nie rozwiązałeś tego quizu od ostatniego zresetowania